| 000 | 00528nam a2200181 a 4500 | ||
|---|---|---|---|
| 001 | 1166 | ||
| 005 | 20140414131908.0 | ||
| 008 | 041105s19uu xx 00 eng d | ||
| 020 | _a0-7214-0529-0 | ||
| 050 |
_aER _bAn1 1980 |
||
| 100 | _aHunia, Fran | ||
| 245 |
_aAnanse and the sky God / _cadapted by Fran Hunia ; illustrated by Angie Sage. |
||
| 260 |
_aLeicerstershire, U.K. : _bLadybird Books, _c1980. |
||
| 300 | _a51 p. : ill. ; cm. | ||
| 650 |
_aAfrican _xFolktales. |
||
| 650 | _aChildren stories. | ||
| 999 |
_c111056 _d111056 |
||